<?xml version="1.0" encoding="UTF-8"?>
<marc:record xmlns:marc="http://www.loc.gov/MARC21/slim">
   <marc:leader>00000nam a2200000 a 4500</marc:leader>
   <marc:datafield ind1="1" ind2=" " tag="100">
      <marc:subfield code="a">Mayer, Markus</marc:subfield>
   </marc:datafield>
   <marc:datafield ind1=" " ind2=" " tag="653">
      <marc:subfield code="a">150 $s Spiele : Legespiele</marc:subfield>
   </marc:datafield>
   <marc:datafield ind1="0" ind2="0" tag="245">
      <marc:subfield code="a">Paw Patrol</marc:subfield>
   </marc:datafield>
   <marc:datafield ind1="0" ind2="0" tag="245">
      <marc:subfield code="b">Puzzle für kleine Entdecker: Paw Patrol</marc:subfield>
   </marc:datafield>
   <marc:datafield ind1="0" ind2="0" tag="245">
      <marc:subfield code="c">Markus Mayer</marc:subfield>
   </marc:datafield>
   <marc:datafield ind1=" " ind2="1" tag="264">
      <marc:subfield code="a">Ravensburg</marc:subfield>
      <marc:subfield code="b">Ravensburger Verlag</marc:subfield>
      <marc:subfield code="c">2021</marc:subfield>
   </marc:datafield>
   <marc:datafield ind1="1" ind2=" " tag="520">
      <marc:subfield code="a">Paw Patrol, in die Zentrale! Ein Bewohner der Abenteuerbucht ist in Not! Das ist ein Fall für Ryder und seine tapferen Fellfreunde. Mit Hilfe ihrer unterschiedlichen Fähigkeiten beschützen sie die Einwohner und helfen bei Problemen. Welche Hunde gehören zur Paw Patrol? Und welche spannenden Einsätze erleben sie? Die Helfer auf vier Pfoten sind allzeit bereit und keine Mission ist ihnen zu schwer. &lt;br/&gt;Wenn die beiden Puzzles zusammengesetzt sind, kannst du mit tiptoi® auf Entdeckungsreise gehen und in die Welt von Paw Patrol eintauchen. Spannendes Wissen über Ryder und die Helden auf vier Pfoten, sowie lustige Spiele runden das Puzzle-Erlebnis ab. In der Abenteuerbucht gibt es jede Menge zu entdecken!&lt;br/&gt;- Zwei farbenfrohe Puzzlemotive&lt;br/&gt;- Wissenswertes über die Helfer auf vier Pfoten&lt;br/&gt;- Lustige Suchspiele</marc:subfield>
   </marc:datafield>
   <marc:datafield ind1="2" ind2=" " tag="024">
      <marc:subfield code="a">4005556000692</marc:subfield>
   </marc:datafield>
   <marc:datafield ind1=" " ind2=" " tag="041">
      <marc:subfield code="a">ger</marc:subfield>
   </marc:datafield>
   <marc:datafield ind1="1" ind2=" " tag="521">
      <marc:subfield code="a">ab 4 Jahren</marc:subfield>
   </marc:datafield>
   <marc:datafield ind1="1" ind2=" " tag="521">
      <marc:subfield code="a">0</marc:subfield>
   </marc:datafield>
</marc:record>
